ˆ[‰Марианна]. Кн. 4: Ты, Марианна (Запись № 7255237)

Подробности
000 -МАРКЕР
контрольное поле 01119nam2a22002651 4500
001 - ИДЕНТИФИКАТОР ЗАПИСИ
контрольное поле rc\39909
005 - ИДЕНТИФИКАТОР ВЕРСИИ
контрольное поле 20250620195930.0
010 ## - МЕЖДУНАРОДНЫЙ СТАНДАРТНЫЙ НОМЕР КНИГИ (ISBN)
Номер (ISBN) 5-7707-1583-9
Уточнения Гос. ком. УССР по печати
Тираж 200000
035 ## - ДРУГИЕ СИСТЕМНЫЕ НОМЕРА
Идентификатор записи (NLR Aleph) 005398906
100 ## - ДАННЫЕ ОБЩЕЙ ОБРАБОТКИ
Данные общей обработки 20021216d1992 |||y0rusy50 ca
101 0# - ЯЗЫК РЕСУРСА
Язык текста, звукозаписи и т.д. русский
102 ## - СТРАНА ПУБЛИКАЦИИ ИЛИ ПРОИЗВОДСТВА
Страна публикации Российская Федерация
105 ## - ПОЛЕ КОДИРОВАННЫХ ДАННЫХ: ТЕКСТОВЫЕ МАТЕРИАЛЫ, МОНОГРАФИЧЕСКИЕ
Кодированные данные о монографическом текстовом документе y |||||||||
200 1# - ЗАГЛАВИЕ И СВЕДЕНИЯ ОБ ОТВЕТСТВЕННОСТИ
Основное заглавие Ты, Марианна
210 ## - ПУБЛИКАЦИЯ, РАСПРОСТРАНЕНИЕ И ДР.
Дата издания, распространения и т.д. 1992
Место издания, распространения и т.д. Б. м.
215 ## - ФИЗИЧЕСКАЯ ХАРАКТЕРИСТИКА
Специфическое обозначение материала и объем 431, [1] с.
Размеры 21
300 ## - ОБЩИЕ ПРИМЕЧАНИЯ
Текст примечания Перевод изд.: Toi, Marianne / Juliette Benzoni (Paris, 1969)
300 ## - ОБЩИЕ ПРИМЕЧАНИЯ
Текст примечания Опис. по пер. На тит. л. только загл. тома
461 #0 - УРОВЕНЬ НАБОРА
Встроенное поле 001rc\39906
-- 2001#$aˆ[‰Марианна]$eРоман в 6 кн.$fПер. с фр. Н.П. Куща$vКн. 4
-- 700#1$aБенцони$bЖ.$gЖюльетта
Системный номер (АБИС) связанной записи 7255211
Автор Бенцони, Ж.
Место публикации М.
Дата публикации 1993
Первые сведения об ответственности Пер. с фр. Н.П. Куща
Имя издателя, распространителя и т.д. ГФ "Полиграфресурсы"
Сведения, относящиеся к заглавию Роман в 6 кн.
Заглавие ˆ[‰Марианна]
ISBN 5770721073
Номер тома Кн. 4
801 #0 - ИСТОЧНИК ЗАПИСИ
Страна Российская Федерация
Организация NLR
Правила каталогизации psbo
801 #1 - ИСТОЧНИК ЗАПИСИ
Страна Российская Федерация
Организация ELAR
Источник данных rusmarc
852 ## - МЕСТОНАХОЖДЕНИЕ И ШИФР ХРАНЕНИЯ
Идентификатор организации NLR
Шифр хранения (Call Number) 92-5/2507
942 ## - ДОПОЛНИТЕЛЬНЫЕ ЭЛЕМЕНТЫ ЗАПИСИ (АБИС)
Тип экземпляра АБИС Книга
980 ## - КОЛЛЕКЦИЯ
Название коллекции Национальная библиография
Экземпляры
Тип экземпляра Дата поступления Библиотека постоянного хранения Библиотека текущего хранения Место хранения Шифр хранения Штрих-код Статус экземпляра
Книга 26.10.2013 РНБ (Московский) РНБ (Московский) Русский книжный фонд: издания с 1957 года 92-5/2507 5398906-10